000 00358nam a2200145 i 4500
001 bg
100 1 _aCEAUSESCU, Elena
_d(1916-1989).
245 1 0 _aStereospecyficzna polimeryzacja izoprenu /
_cE. Ceausescu.
260 _aWarszawa,
_c1988.
040 _cBPK
041 _apol
080 _a678.7
942 _cKS
008 s pl f |000 0 pol
999 _c28640
_d28640
856 _uhttp://koha.tu.koszalin.pl/cgi-bin/koha/opac-detail.pl?biblionumber=28640
_yKatalog online BPK